00909nam a2200229 a 4500001001000000003000500010005001700015008004100032010001100073011001100084040000900095100003800104245015300142260004100295500006000336502007500396650002700471650003500498650003700533700003900570856007000609000111210CHAP20220329144202.0150119s2014 mx a fsm |||||||spa d a107672 a108644 cCHAP1 aGutiérrez Aldana, Marco Aurelio13aEl Sistema de producción con bovinos de doble propósitoh[En línea]cpor Marco Aurelio Gutiérrez Aldana y Víctor Hugo Sánchez Sánchez. aChapingo, Méx. :bEl autor,c2014. aPara ver el contenido del material haga clic en la liga aTesis (Ing. Agr. Esp. en Zootecnia) -- UACH. Departamento de Zootecnia14aGanado vacunoxOaxaca.14aGanado vacunoxReproducción.14aSistemas de producción animal.1 aSánchez Sánchez, Víctor Hugo aFinding aiduhttp://10.13.5.2/tesis/sist111210.pdfzTeclea aquí